Normal view
MARC view
- Origins and meanings of popular phrases and name
Entry Topical Term
001 - CONTROL NUMBER
- control field: 110238
003 - CONTROL NUMBER IDENTIFIER
- control field: NUST
005 - DATE AND TIME OF LATEST TRANSACTION
- control field: 20230314105323.0
008 - FIXED-LENGTH DATA ELEMENTS
- fixed length control field: 230314|| aca||aabn | a|a d
040 ## - CATALOGING SOURCE
- Original cataloging agency: NUST
- Transcribing agency: NUST
150 ## - HEADING--TOPICAL TERM
- Topical term or geographic name entry element: Origins and meanings of popular phrases and name
670 ## - SOURCE DATA FOUND
- Source citation: Work cat.: (NUST)185302: Hargrave, Basil 110237, Origins and Meanings of Popular Phrases and Names :, 1929
